Princess Hyacinth : (the surprising tale of a girl ... Read More
Available copies
- 1 of 1 copy available at LARL/NWRL Consortium.
Current holds
0 current holds with 1 total copy.
Show Only Available Copies
| Location | Call Number / Copy Notes | Barcode | Shelving Location | Status | Due Date |
|---|---|---|---|---|---|
| Roseau Public Library | e HEI (Text) | 35500004550057 | Main | Available | - |
Record details
- ISBN: 9780375937538 (reinforced)
- ISBN: 0375937536 (reinforced)
- ISBN: 9780375845017 (hardcover) :
- ISBN: 0375845011 (hardcover) :
- Physical Description: 1 v. (unpaged) : col. ill. ; 23 x 29 cm.
- Edition: 1st ed.
- Publisher: New York : Schwartz & Wade Books, c2009.
Content descriptions
| Summary, etc.: | Princess Hyacinth is bored and unhappy sitting in ... Read More |
| Target Audience Note: | 004-008. |
| Study Program Information Note: | Accelerated Reader/Renaissance Learning LG 3.4 0.5 |
| Awards Note: | A Junior Library Guild selection |
Search for related items by subject
| Subject: | Princesses > Juvenile fiction. Floating bodies > Juvenile fiction. Princesses > Fiction. Floating bodies > Fiction. |
| LDR | 02037cam a2200433 a 4500 | ||
|---|---|---|---|
| 001 | 108020 | ||
| 003 | LARL_NWRL_CONSORTIUM | ||
| 005 | 20091014165911.0 | ||
| 008 | 080929s2009 nyua b 000 f eng | ||
| 010 | . | ‡a2008039923 | |
| 020 | . | ‡a9780375937538 (reinforced) | |
| 020 | . | ‡a0375937536 (reinforced) | |
| 020 | . | ‡a9780375845017 (hardcover) : ‡c$17.99 | |
| 020 | . | ‡a0375845011 (hardcover) : ‡c$17.99 | |
| 035 | . | ‡a(OCoLC)260231097 | |
| 037 | . | ‡bJunior Library Guild ‡nhttp://www.juniorlibraryguild.com | |
| 040 | . | ‡aDLC ‡cDLC ‡dIG# ‡dBTCTA ‡dGO3 ‡dIK2 ‡dTEF | |
| 082 | 0 | 0. | ‡a[E] ‡222 |
| 100 | 1 | . | ‡aHeide, Florence Parry. ‡0(LARL_NWRL_CONSORTIUM)58314 |
| 245 | 1 | 0. | ‡aPrincess Hyacinth : ‡b(the surprising tale of a girl who floated) / ‡cby Florence Parry Heide ; illustrated by Lane Smith. |
| 250 | . | ‡a1st ed. | |
| 260 | . | ‡aNew York : ‡bSchwartz & Wade Books, ‡cc2009. | |
| 300 | . | ‡a1 v. (unpaged) : ‡bcol. ill. ; ‡c23 x 29 cm. | |
| 586 | 8 | . | ‡aA Junior Library Guild selection |
| 521 | 1 | . | ‡a004-008. |
| 526 | 0 | . | ‡aAccelerated Reader/Renaissance Learning ‡bLG ‡c3.4 ‡d0.5 |
| 520 | . | ‡aPrincess Hyacinth is bored and unhappy sitting in her palace every day because, unless she is weighed down by specially-made clothes, she will float away, but her days are made brighter when kite-flying Boy stops to say hello. | |
| 650 | 0. | ‡aPrincesses ‡vJuvenile fiction. ‡0(LARL_NWRL_CONSORTIUM)166862 | |
| 650 | 0. | ‡aFloating bodies ‡vJuvenile fiction. | |
| 650 | 1. | ‡aPrincesses ‡vFiction. ‡0(LARL_NWRL_CONSORTIUM)166712 | |
| 650 | 1. | ‡aFloating bodies ‡vFiction. | |
| 700 | 1 | . | ‡aSmith, Lane. ‡0(LARL_NWRL_CONSORTIUM)88174 |
| 901 | . | ‡a108020 ‡bOCLC ‡c108020 ‡tbiblio | |

Add to basket
Permalink
Disable Highlighting